000 nam a22 7a 4500
999 _c9057
_d9057
008 180122b ||||| |||| 00| 0 eng d
100 _aSawhney P
_9339
245 _aWork book math magic
260 _aNew Delhi
_bArya Publication
_c2008